000 00673nam a22001937a 4500
999 _c181954
_d181954
005 20211012105953.0
010 _aB-741744
020 _c250.00
_a9789391091149
035 _aB-741744
037 _bGift
082 _a821
100 _aKhandelwal,Rajiv
245 _aCrazy class:
_bPoetry for young people /
_cRajiv Khandelwal
260 _bThe Poetry Society of India
_aHaryana
_c2021
270 _aH-23/16, DLF Phase-I, Gurugram
_bHaryana
_e122002
_mthepoetrysoindia@gmail.com; mgwebguru@gmail.com
_k0124-4054392, 098118-42292
300 _a50p.
_c22cm(hbk)
942 _2ddc
_cCH
_h821
_mRAJ